MARC details
| 000 -BAŞLIK |
| Sabit Uzunluktaki Kontrol Alanı |
02025nam a22005417a 4500 |
| 001 - KONTROL NUMARASI |
| Control Dosyası |
0065161 |
| 003 - KONTROL NUMARASI KİMLİĞİ |
| Kontrol Alanı |
KOHA_MİRAKIL |
| 005 - EN SON İŞLEM TARİHİ ve ZAMANI |
| Kontrol Alanı |
20260207004549.0 |
| 007 - FİZİKSEL TANIM SABİT ALAN - GENEL BİLGİ |
| Sabit uzunluklu kontrol alanı |
ta |
| 008 - SABİT UZUNLUKTAKİ VERİ ÖGELERİ - GENEL BİLGİ |
| Sabit Alan |
191224b2011 ge |||gr||||#||||0|ger | |
| 020 ## - ISBN - ULUSLARARASI STANDART KİTAP NUMARASI |
| Isbn |
9782503541570 |
| 040 ## - KATALOGLAMA KAYNAĞI |
| Özgün Kataloglama Kurumu |
TR-BiSEU |
| Kataloglama Dili |
tur |
| Çeviri Kurumu |
TR-BiSEU |
| Açıklama Kuralları |
rda |
| 041 0# - DİL KODU |
| Metin ya da ses kaydının dil kodu |
ger |
| -- |
chi |
| 044 ## - YAYINLAYAN/ÜRETEN KURULUŞUN ÜLKE KODU |
| ISO country code |
ge |
| 050 ## - SINIFLAMA ve YER NUMARASI |
| Sınıflama Numarası |
BQ2215 |
| Yer Numarası |
.A58 2011 |
| 100 1# - KİŞİ ADI |
| Yazar Adı (Kişi adı) |
Kasai, Yukiyo. |
| 245 14 - ESER ADI BİLDİRİMİ |
| Başlık |
Der alttürkische Kommentar zum Vimalakirtinirdesa-Sutra/ |
| Sorumluluk Bildirimi |
Yukiyo Kasai ; Yukiyo Kasai. |
| 264 #1 - ÜRERİM, YAYIN, DAĞITIM ve TELİF BİLDİRİMİ |
| Yayın yeri |
Turnhout : |
| Yayınlayan |
Brepols |
| Yayın tarihi |
2011 |
| 300 ## - FİZİKSEL TANIMLAMA |
| Sayfa, Cilt vb. |
235 pages ; |
| Boyutları |
30 cm. |
| 336 ## - İÇERİK TÜRÜ |
| Content type term |
metin |
| Content type code |
txt |
| Source |
rdacontent |
| 337 ## - MEDYA TÜRÜ |
| Media type term |
aracısız |
| Media type code |
n |
| Source |
rdamedia |
| 338 ## - TAŞIYICI TÜRÜ |
| Carrier type term |
cilt |
| Carrier type code |
nc |
| Source |
rdacarrier |
| 490 1# - DİZİ BİLDİRİMİ |
| Dizi Bildirimi |
Berliner Turfantexte, 0138-4228 ; |
| Cilt Numarası |
29. |
| 490 1# - DİZİ BİLDİRİMİ |
| Dizi Bildirimi |
Berliner Turfantexte ; |
| Cilt Numarası |
29 |
| 500 ## - GENEL NOT |
| Genel Not |
Includes bibliographical references and indexes. |
| 650 #0 - KONU BAŞLIĞI EK GİRİŞ - KONU TERİMİ |
| Konusal terim veya coğrafi ad |
Tripiṭaka. Sūtrapiṭaka. |
| 9 (RLIN) |
121981 |
| 650 #0 - KONU BAŞLIĞI EK GİRİŞ - KONU TERİMİ |
| Konusal terim veya coğrafi ad |
Vimalakīrtinirdeśa--Commentaries--Early works to 1800. |
| 9 (RLIN) |
121982 |
| 650 #0 - KONU BAŞLIĞI EK GİRİŞ - KONU TERİMİ |
| Konusal terim veya coğrafi ad |
Vimalakīrtinirdeśa |
| 9 (RLIN) |
121983 |
| 650 #0 - KONU BAŞLIĞI EK GİRİŞ - KONU TERİMİ |
| Konusal terim veya coğrafi ad |
Tripiṭaka. Sūtrapiṭaka. |
| 9 (RLIN) |
121981 |
| 650 #0 - KONU BAŞLIĞI EK GİRİŞ - KONU TERİMİ |
| Konusal terim veya coğrafi ad |
Vimalakīrtinirdeśa. |
| 9 (RLIN) |
121983 |
| 650 #0 - KONU BAŞLIĞI EK GİRİŞ - KONU TERİMİ |
| Konusal terim veya coğrafi ad |
Hide subjects |
| 9 (RLIN) |
121984 |
| 650 #0 - KONU BAŞLIĞI EK GİRİŞ - KONU TERİMİ |
| Konusal terim veya coğrafi ad |
Vimalakīrtinirdeśa. |
| 9 (RLIN) |
121983 |
| 650 #0 - KONU BAŞLIĞI EK GİRİŞ - KONU TERİMİ |
| Konusal terim veya coğrafi ad |
Buddhist literature, Turkic--Early works to 1800. |
| 9 (RLIN) |
121985 |
| 650 #0 - KONU BAŞLIĞI EK GİRİŞ - KONU TERİMİ |
| Konusal terim veya coğrafi ad |
Manuscripts, Turkic--China--Turpan Shi. |
| 9 (RLIN) |
121986 |
| 650 #0 - KONU BAŞLIĞI EK GİRİŞ - KONU TERİMİ |
| Konusal terim veya coğrafi ad |
Kommentar. |
| 9 (RLIN) |
121987 |
| 650 #0 - KONU BAŞLIĞI EK GİRİŞ - KONU TERİMİ |
| Konusal terim veya coğrafi ad |
Alttürkisch. |
| 9 (RLIN) |
121988 |
| 650 #0 - KONU BAŞLIĞI EK GİRİŞ - KONU TERİMİ |
| Konusal terim veya coğrafi ad |
Tripitaka. Sūtrapiṭaka. |
| 9 (RLIN) |
121989 |
| 650 #0 - KONU BAŞLIĞI EK GİRİŞ - KONU TERİMİ |
| Konusal terim veya coğrafi ad |
Vimalakīrtinirdeśa--Yorumlar--1800 tarihli erken dönem eserleri. |
| 9 (RLIN) |
121990 |
| 650 #0 - KONU BAŞLIĞI EK GİRİŞ - KONU TERİMİ |
| Konusal terim veya coğrafi ad |
Tripitaka. Sūtrapiṭaka. |
| 9 (RLIN) |
121989 |
| 650 #0 - KONU BAŞLIĞI EK GİRİŞ - KONU TERİMİ |
| Konusal terim veya coğrafi ad |
Konuları gizle |
| 9 (RLIN) |
121991 |
| 650 #0 - KONU BAŞLIĞI EK GİRİŞ - KONU TERİMİ |
| Konusal terim veya coğrafi ad |
Vimalakīrtinirdeśa. |
| 9 (RLIN) |
121983 |
| 650 #0 - KONU BAŞLIĞI EK GİRİŞ - KONU TERİMİ |
| Konusal terim veya coğrafi ad |
Budist edebiyatı, Türk--1800'den önceki eserler. |
| 9 (RLIN) |
121992 |
| 650 #0 - KONU BAŞLIĞI EK GİRİŞ - KONU TERİMİ |
| Konusal terim veya coğrafi ad |
El Yazmaları, Türkçe--Çin--Turpan Shi. |
| 9 (RLIN) |
121993 |
| 650 #0 - KONU BAŞLIĞI EK GİRİŞ - KONU TERİMİ |
| Konusal terim veya coğrafi ad |
Eski Türk. |
| 9 (RLIN) |
121994 |
| 830 1# - SERİ EK GİRİŞİ - TEKBİÇİM ESER ADI |
| Tekbiçim Başlık |
Berliner Turfantexte, 0138-4228 ; |
| Volume number/sequential designation |
29. |
| 9 (RLIN) |
121995 |
| 830 1# - SERİ EK GİRİŞİ - TEKBİÇİM ESER ADI |
| Tekbiçim Başlık |
Berliner Turfantexte ; |
| Volume number/sequential designation |
29 |
| 9 (RLIN) |
121324 |
| 942 ## - EK GİRİŞ ÖGELERİ (KOHA) |
| Source of classification or shelving scheme |
Library of Congress Classification |
| Koha item type |
Book |